[Event "Cracovia Open A 2013-14"]
[Site "Krakow POL"]
[Date "2013.12.31"]
[Round "6.1"]
[White "Bernadskiy,V"]
[Black "Grabarczyk,M"]
[Result "1/2-1/2"]
[WhiteElo "2561"]
[BlackElo "2470"]

1.Nf3 d5 2.g3 Nf6 3.Bg2 c6 4.O-O Bg4 5.d3 Nbd7 6.Nbd2 e5 7.h3 Bxf3 8.Nxf3 Bc5
9.Nxe5 Nxe5 10.d4 Bd6 11.dxe5 Bxe5 12.c4 dxc4 13.Qc2 O-O 14.Qxc4 Qe7 15.Rb1 Rfd8
16.b4 Nd5 17.Bd2 Nc7 18.Qc1 Rd7 19.a4 Rad8 20.Bg5 Bf6 21.Bxf6 Qxf6 22.Qc5 a6
23.Qb6 Ne6 24.e3 Ng5 25.b5 axb5 26.axb5 Nf3+ 27.Bxf3 Qxf3 28.Rbc1 cxb5 29.Qxb5  1/2-1/2

[Event "Cracovia Open A 2013-14"]
[Site "Krakow POL"]
[Date "2013.12.31"]
[Round "6.16"]
[White "Piesik,P"]
[Black "Nazarenus,M"]
[Result "1/2-1/2"]
[WhiteElo "2207"]
[BlackElo "2253"]

1.Nf3 d5 2.g3 Bg4 3.Bg2 c6 4.d3 Nd7 5.O-O e5 6.Nbd2 Bd6 7.e4 Ne7 8.Re1 O-O
9.Nf1 f6 10.h3 Bh5 11.g4 Bf7 12.Ng3 Ng6 13.Nf5 Bc7 14.d4 dxe4 15.Rxe4 Nc5
16.Re1 Ne6 17.dxe5 fxe5 18.Qxd8 Raxd8 19.Ng5 Nef4 20.Nxf7 Rxf7 21.Be3 Rfd7
22.h4 Ba5 23.Rf1 Nxg2 24.Kxg2 Nf4+ 25.Kf3 g6 26.Nh6+ Kg7 27.Bxf4 exf4 28.g5 Rd4
29.a3 Bd2 30.Rad1 c5 31.Rh1 R8d5 32.Ng4 b5 33.Nf6 Re5 34.Ng4 Red5 35.Nf6 Rf5
36.c3 Rd8 37.Ne4 Rfd5 38.Ke2 f3+ 39.Kxf3 h6 40.Rhg1 b4 41.axb4 cxb4 42.cxb4 Bxb4
43.Rxd5 Rxd5 44.Rc1 Rd7 45.Rc6 Be7 46.Ke3 Bd8 47.f4 Bb6+ 48.Ke2 Rd4 49.gxh6+ Kxh6
50.Kf3 Rd1 51.Ng3 Kh7 52.Re6 Rb1 53.Re7+ Kg8 54.h5 gxh5 55.Nxh5 Rxb2 56.Rd7 Rc2
57.Nf6+ Kf8 58.Ke4 Rc7 59.Nh7+ Kg8 60.Nf6+ Kf8 61.Nh7+ Kg8  1/2-1/2

[Event "2nd Gurgaon Open 2014"]
[Site "Gurgaon IND"]
[Date "2014.01.02"]
[Round "2.2"]
[White "Kurukulasuriya,P"]
[Black "Barbosa,O PHI"]
[Result "0-1"]
[WhiteElo "2088"]
[BlackElo "2579"]

1.Nf3 d5 2.g3 Nf6 3.Bg2 c6 4.O-O Bf5 5.d3 h6 6.Nbd2 e6 7.b3 Be7 8.Bb2 O-O
9.c4 a5 10.a3 Bh7 11.Qc2 Nbd7 12.Bc3 b5 13.cxb5 cxb5 14.Qb2 Bd6 15.Ne5 Nxe5
16.Bxe5 Bxe5 17.Qxe5 Qb6 18.Nf3 Rfc8 19.Rfc1 Bg6 20.Qd4 Qd6 21.Qb2 Bh5 22.Ne5 b4
23.Rxc8+ Rxc8 24.axb4 Qxb4 25.Bf3 a4 26.Bxh5 Nxh5 27.Rxa4 Qe1+ 28.Kg2 Rc1
29.Nd7 f6 30.Qa3 Qf1+ 31.Kf3 Rc8 32.Ra8 Qh1+ 33.Kg4 Kh7 34.Nf8+ Rxf8 35.Rxf8 f5+
36.Rxf5  0-1

[Event "2nd Gurgaon Open 2014"]
[Site "Gurgaon IND"]
[Date "2014.01.02"]
[Round "3.15"]
[White "Karthik,V4"]
[Black "Ravi,TeS"]
[Result "0-1"]
[WhiteElo "2179"]
[BlackElo "2362"]

1.Nf3 d5 2.g3 Nf6 3.Bg2 c6 4.c4 dxc4 5.Qc2 b5 6.a4 Bb7 7.Nc3 a6 8.b3 b4 9.Nd1 cxb3
10.Qxb3 c5 11.Ne3 e6 12.a5 Be7 13.O-O O-O 14.Bb2 Nc6 15.Nc4 Ne4 16.d3 Nd6
17.Nfe5 Nxe5 18.Bxb7 Nexc4 19.Bxa8 Nxb2 20.Bg2 Bf6 21.Ra2 Bc3 22.Rc1 c4 23.Qc2 Nb5
24.Rxb2  0-1

[Event "89th Hastings Masters 2013-14"]
[Site "Hastings ENG"]
[Date "2014.01.02"]
[Round "6.6"]
[White "Gordon,S"]
[Black "Flear,G"]
[Result "1/2-1/2"]
[WhiteElo "2519"]
[BlackElo "2471"]

1.Nf3 d5 2.g3 c5 3.Bg2 Nc6 4.d4 e6 5.O-O Bd7 6.c4 dxc4 7.Na3 cxd4 8.Nxc4 Bc5
9.Bf4 Nge7 10.Bd6 Bb6 11.Qb3 O-O 12.Rfd1 Re8 13.Nxb6 Qxb6 14.Qxb6 axb6 15.Nxd4 Nxd4
16.Rxd4 Nf5 17.Rd2 Bc6 18.Bb4 h5 19.a3 Rad8 20.Rad1 Rxd2 21.Rxd2 e5 22.e3 f6
23.Bh3 g6 24.Bf1 b5 25.Bg2 e4 26.Bf1 Kf7 27.Be2 h4 28.g4 Ng7 29.h3 Ne6 30.Bd1 Ng5
31.Kg2 Kg7 32.Bb3 Nf7 33.Bc3 g5 34.Kf1 Rd8 35.Rxd8 Nxd8 36.Ba5 Nf7 37.Bc7 Kg6
38.Be6 Ne5 39.Bxe5 fxe5 40.Ke1 Kf6 41.Bg8  1/2-1/2

[Event "Cracovia Open A 2013-14"]
[Site "Krakow POL"]
[Date "2014.01.02"]
[Round "7.14"]
[White "Vojinovic,J"]
[Black "Khamidov,K"]
[Result "1/2-1/2"]
[WhiteElo "2335"]
[BlackElo "2109"]

1.Nf3 d5 2.g3 Nf6 3.Bg2 e6 4.c4 Be7 5.O-O O-O 6.Qc2 c5 7.cxd5 exd5 8.d4 c4
9.b3 cxb3 10.Qxb3 Nc6 11.Bg5 h6 12.Bxf6 Bxf6 13.e3 b6 14.Rc1 Ne7 15.Nc3 Be6
16.Nb5 g5 17.Nd2 a5 18.Rc3 Rb8 19.Rac1 Bg7 20.Nc7 Qd6 21.a4 Kh8 22.Nb5 Qd8
23.Qa3 f5 24.Rc7 Bf6 25.Qd6 Qxd6 26.Nxd6 Rfd8 27.Nb5 Rbc8 28.Rxc8 Rxc8 29.Rxc8+ Bxc8
30.Nb1 Bd7 31.N1c3 Bc6 32.Nc7 Kg7 33.N7xd5 Nxd5 34.Bxd5 Bd7 35.Bb3 Bd8 36.f3 Bf6
37.Kf2 f4 38.Bc4 Kf8 39.Bb5 Be6 40.Ne4 fxe3+ 41.Kxe3 Be7 42.Bc6 Bf5 43.Nd2 Bd6
44.Nc4 Bc7 45.Kd2 Ke7 46.Ne3 Bg6 47.Kc3 h5 48.Kc4 Kd6 49.Be4 Bf7+ 50.Kc3 Bd8
51.Nf5+ Kc7 52.d5 Bf6+ 53.Kc4 Be5 54.Bc2 Bg6 55.Ne3 Be8 56.Ng2 Bd7 57.f4 gxf4
58.Nxf4 Be8 59.Bd1 h4 60.Ne6+ Kd6 61.gxh4 Bf7 62.Bg4 Bxh2 63.h5 Be8 64.Ng7 Bxa4
65.Nf5+ Kc7 66.Kd4 Bc2 67.Ne3 Bg1 68.h6 a4 69.Bd1 a3 70.Kc3 Bxe3 71.Bxc2 Bxh6
72.Kb3 Bf8 73.Ka2 Bc5 74.Bb3 Kd6 75.Bc4 Ke5 76.d6 Bxd6 77.Bb3 Kd4  1/2-1/2

[Event "Bay Area International 2014"]
[Site "Santa Clara USA"]
[Date "2014.01.02"]
[Round "1.22"]
[White "Porper,E"]
[Black "Coraretti,B"]
[Result "1-0"]
[WhiteElo "2446"]
[BlackElo "2170"]

1.Nf3 d5 2.g3 Nf6 3.Bg2 c6 4.O-O Bg4 5.c4 e6 6.d3 Bd6 7.Qb3 Qc7 8.d4 Nbd7
9.Nc3 O-O 10.Nd2 b5 11.cxb5 Rab8 12.a4 c5 13.e3 cxd4 14.exd4 Qb6 15.Nf3 Bxf3
16.Bxf3 Qxd4 17.Be3 Nc5 18.Qa3 Qc4 19.Be2 Nb7 20.Bxc4 Bxa3 21.Rxa3 dxc4 22.Bxa7 Ra8
23.Bd4 Rfd8 24.Bxf6 gxf6 25.Rd1 Na5 26.Kf1 Kf8 27.Ke2 f5 28.Raa1 Ke7 29.Rxd8 Rxd8
30.Rd1 Rxd1 31.Kxd1 Kd6 32.Kc2 Kc5 33.Na2 e5 34.Kc3 Nb3 35.Nb4 Nd4 36.Nc6 Nf3
37.Na5 Nxh2 38.Nxc4 e4 39.b4+ Kd5 40.a5  1-0

[Event "Bay Area International 2014"]
[Site "Santa Clara USA"]
[Date "2014.01.03"]
[Round "2.27"]
[White "Remlinger,L"]
[Black "Chevannes,S"]
[Result "1-0"]
[WhiteElo "2304"]
[BlackElo "2176"]

1.Nf3 d5 2.g3 Nf6 3.Bg2 c6 4.d3 Nbd7 5.Nbd2 e5 6.e4 Bd6 7.O-O O-O 8.Nh4 Nc5
9.h3 Re8 10.a4 a5 11.b3 Be6 12.Qf3 Qd7 13.g4 Qd8 14.Nf5 Bxf5 15.gxf5 Ncd7
16.Kh1 Bc5 17.Qe2 Bd4 18.Ra2 Nc5 19.Nb1 Na6 20.c3 Bb6 21.Bg5 d4 22.c4 Nb4
23.Rb2 Bc5 24.Nd2 h6 25.Bh4 Be7 26.Bg3 Nd7 27.Nf3 Bf6 28.Rg1 Nc5 29.Ne1 b5
30.axb5 cxb5 31.cxb5 Qb6 32.Bf1 Kh7 33.Qg4 Rg8 34.f4 Nd7 35.Nf3 exf4 36.Bxf4 Rae8
37.Qh5 Rgf8 38.Rbg2 Nc2 39.Rxc2  1-0

[Event "Rilton Cup 2013-14"]
[Site "Stockholm SWE"]
[Date "2014.01.03"]
[Round "7.9"]
[White "Hansen,TR"]
[Black "Bellon Lopez,JuM"]
[Result "1-0"]
[WhiteElo "2473"]
[BlackElo "2382"]

1.Nf3 d5 2.g3 c6 3.Bg2 Bg4 4.c4 e6 5.O-O Nd7 6.cxd5 exd5 7.d3 Ngf6 8.Nc3 Bd6
9.h3 Bxf3 10.Bxf3 d4 11.Ne4 Be5 12.Qb3 Qb6 13.Nd2 Qxb3 14.axb3 a6 15.Nc4 Bc7
16.Bf4 Bxf4 17.gxf4 Kd8 18.Na5 Kc7 19.Ra4 Nb6 20.Rxd4 Rad8 21.Rxd8 Rxd8 22.Rc1 Nfd5
23.e3 f5 24.Kf1 Nb4 25.d4 g6 26.Ke2 Re8 27.Kd2 Rd8 28.h4 N4d5 29.h5 gxh5
30.Rg1 h6 31.Rg6 Rd6 32.Rxd6 Kxd6 33.Nxb7+ Ke7 34.Bxh5 Nf6 35.Bg6 Ne4+ 36.Ke2 Ke6
37.f3 Nd6 38.Nxd6 Kxd6 39.Bxf5 c5 40.dxc5+ Kxc5 41.Be6 Kd6 42.f5  1-0

[Event "Rilton Cup 2013-14"]
[Site "Stockholm SWE"]
[Date "2014.01.03"]
[Round "7.21"]
[White "Yagupov,I"]
[Black "Krantz,C"]
[Result "1-0"]
[WhiteElo "2427"]
[BlackElo "2233"]

1.Nf3 d5 2.g3 c6 3.Bg2 Bg4 4.O-O Nd7 5.d4 e6 6.Nbd2 Ngf6 7.Re1 Bd6 8.e4 dxe4
9.Nxe4 Nxe4 10.Rxe4 Nf6 11.Re1 O-O 12.h3 Bh5 13.c4 c5 14.Be3 Qc7 15.dxc5 Bxc5
16.Bxc5 Qxc5 17.Qd4 Qc7 18.Rac1 a5 19.Re5 Rfd8 20.Qc5 Qxc5 21.Rxc5 Bg6 22.Rb5 Be4
23.Ne5 Bxg2 24.Kxg2 Ra7 25.c5 Nd5 26.Nc4 a4 27.Nd6 Rb8 28.c6  1-0

[Event "Rilton Cup 2013-14"]
[Site "Stockholm SWE"]
[Date "2014.01.03"]
[Round "7.31"]
[White "Merkesvik,Sondre"]
[Black "Orndahl,Mar"]
[Result "0-1"]
[WhiteElo "2039"]
[BlackElo "2206"]

1.Nf3 d5 2.g3 Nf6 3.Bg2 g6 4.c4 c6 5.b3 Bg7 6.Bb2 O-O 7.O-O Bg4 8.d3 Re8
9.Nbd2 a5 10.Rc1 Na6 11.h3 Bxf3 12.Nxf3 e6 13.Qd2 a4 14.b4 dxc4 15.Rxc4 Nc7
16.a3 Nb5 17.Nd4 Nd6 18.Rcc1 Nd5 19.Rfd1 e5 20.Nf3 Nb5 21.h4 Qe7 22.Qc2 e4
23.Ng5 Ndc3 24.Re1 exd3 25.exd3 Qxe1+ 26.Rxe1 Rxe1+ 27.Bf1 Rae8 28.Nf3 R8e2
29.Nxe1 Rxc2 30.Nxc2 Ne2+ 31.Bxe2 Bxb2 32.Bd1 Kf8 33.f4 Ke7 34.Kf2 Kd6 35.Ke3 Nc3
36.Bf3 b5 37.d4 Nb1 38.Kd3 Nxa3 39.Nxa3 Bxa3 40.Kc3 Bc1 41.h5 Be3 42.hxg6 hxg6
43.Be4 Bf2 44.g4 Be1+ 45.Kd3 Bxb4 46.f5 gxf5 47.Bxf5 Be1 48.g5 Bh4 49.g6 fxg6
50.Bxg6 Bf6 51.Bf7 Bh8 52.Bg8 a3 53.Ba2 Bf6 54.Bb3 Kc7 55.Bf7 Kb6 56.Kc3 c5
57.Kb3 Bxd4 58.Kxa3 Bc3 59.Kb3 Be1 60.Bd5 Kc7 61.Bf7 Kd6 62.Bg8 Ke5 63.Bf7 Kd4
64.Kc2 c4 65.Be8 b4 66.Ba4 Kc5 67.Kb2 Bc3+ 68.Kc2 Be5 69.Kb1 b3 70.Bd7 c3
71.Bf5 Kd4 72.Bg6 Ke3 73.Kc1 Ke2 74.Bh5+ Ke1 75.Bg6 Bf4+ 76.Kb1 Kd1 77.Ka1 c2
78.Bxc2+ bxc2  0-1

[Event "TCh-NED Meesterklasse 2013-14"]
[Site "Netherland NED"]
[Date "2014.01.04"]
[Round "4.6"]
[White "Zaragatski,I"]
[Black "Kuijf,R"]
[Result "1/2-1/2"]
[WhiteElo "2499"]
[BlackElo "2401"]

1.Nf3 d5 2.g3 Bf5 3.c4 e6 4.Qb3 Nc6 5.Bg2 Rb8 6.O-O Nf6 7.d3 Be7 8.cxd5 exd5
9.Bf4 O-O 10.Rc1 h6 11.Nc3 g5 12.Bd2 Qd7 13.Nb5 Bg4 14.Bc3 Rbc8 15.Rc2 Be6
16.Nbd4 Nxd4 17.Nxd4 c5 18.Nxe6 fxe6 19.a4 Ng4 20.Be1 Bf6 21.h3 Ne5 22.Qb5 Nc6
23.e3 a6 24.Qb6 Ne5 25.Qb3 Be7 26.f4 c4 27.dxc4 Nxc4 28.Qd3 Bf6 29.Rac1 Bxb2
30.Qg6+ Bg7 31.Bc3 Qf7 32.Qd3 Bxc3 33.Rxc3 b5 34.axb5 axb5 35.fxg5 Qf2+ 36.Kh1 Ne5
37.Qd4 Rxc3 38.Qxc3 Qxg3 39.gxh6 Nf3 40.Qc7 e5 41.Qg7+ Qxg7 42.hxg7 Kxg7
43.Rc5 d4  1/2-1/2

[Event "26th Staufer-Open A 2014"]
[Site "Schwaebisch Gmuend GER"]
[Date "2014.01.04"]
[Round "6.10"]
[White "Jurek,J"]
[Black "Schackmann,Oliver"]
[Result "1-0"]
[WhiteElo "2293"]
[BlackElo "1928"]

1.Nf3 d5 2.g3 Bg4 3.Bg2 Nd7 4.O-O c6 5.d3 Ngf6 6.Nbd2 e6 7.b3 Be7 8.Bb2 O-O
9.c4 Re8 10.Qc2 Bf8 11.h3 Bxf3 12.Bxf3 e5 13.e3 Qe7 14.Bg2 Rad8 15.Rad1 Qe6
16.a3 g6 17.b4 Bg7 18.Rfe1 Nb6 19.cxd5 cxd5 20.Qb3 Rc8 21.Rc1 Rxc1 22.Rxc1 Rc8
23.Rxc8+ Nxc8 24.Qc3 Qd7 25.Qc2 d4 26.exd4 exd4 27.Nb3 Nh5 28.Nc5 Qc7 29.Bxb7 Nd6
30.Bf3 a5 31.Qe2 axb4 32.axb4 Qb6 33.Qe1 h6 34.h4 Kh7 35.Bxh5 gxh5 36.Bc1 Nb5
37.Qe4+ Kg8 38.Qe8+ Kh7 39.Qxf7 Nd6 40.Qxh5 Qxb4 41.Bf4 Nb5 42.Qf5+ Kh8 43.Kg2 Qe1
44.Ne4 Nc3 45.Be5 Nxe4 46.Qf8+  1-0

[Event "Rilton Cup 2013-14"]
[Site "Stockholm SWE"]
[Date "2014.01.04"]
[Round "8.32"]
[White "Merkesvik,Sondre"]
[Black "Marzano,C"]
[Result "1/2-1/2"]
[WhiteElo "2039"]
[BlackElo "2166"]

1.Nf3 d5 2.g3 Nf6 3.Bg2 b5 4.O-O e6 5.d3 Bb7 6.Nbd2 c5 7.e4 Be7 8.Qe2 O-O
9.c3 a5 10.Rd1 a4 11.c4 Re8 12.e5 Nfd7 13.cxb5 Qb6 14.d4 cxd4 15.Nb1 Bc5
16.Qd3 h6 17.h4 Qa5 18.Bd2 Qc7 19.Bf4 Qa5 20.Bd2 Qc7 21.Bf4 Qa5 22.Bd2  1/2-1/2

[Event "Rilton Cup 2013-14"]
[Site "Stockholm SWE"]
[Date "2014.01.04"]
[Round "8.33"]
[White "Jacobsen,Bo"]
[Black "Adler,B"]
[Result "0-1"]
[WhiteElo "2302"]
[BlackElo "2168"]

1.Nf3 d5 2.g3 Nf6 3.Bg2 c5 4.O-O Nc6 5.d4 e6 6.c4 cxd4 7.Nxd4 Qb6 8.Nxc6 bxc6
9.Nc3 Be7 10.e4 O-O 11.exd5 cxd5 12.cxd5 Rd8 13.Qc2 exd5 14.Re1 Be6 15.Be3 d4
16.Bxa8 dxe3  0-1

[Event "ch-AUS 2014"]
[Site "Melbourne AUS"]
[Date "2014.01.05"]
[Round "5.5"]
[White "Morris,J"]
[Black "Smirnov,Ant"]
[Result "1-0"]
[WhiteElo "2405"]
[BlackElo "2338"]

1.Nf3 d5 2.g3 c6 3.Bg2 Bg4 4.O-O e6 5.d4 Nf6 6.Nbd2 Nbd7 7.c3 Bd6 8.Re1 O-O
9.e4 dxe4 10.Nxe4 Nxe4 11.Rxe4 Nf6 12.Re1 Re8 13.Qb3 Rb8 14.Ne5 Bf5 15.Bg5 Qc7
16.Nc4 Nd7 17.Rad1 e5 18.Be3 Be6 19.d5 cxd5 20.Nxd6 Qxd6 21.Bxd5 Nb6 22.Bxb6 axb6
23.Qb5 Qc7 24.Bxe6 Rxe6 25.Rd5 Rbe8 26.Rdxe5 Qxe5 27.Rxe5 Rxe5 28.Qxb6 R5e6
29.Qxb7 h5 30.a4 h4 31.gxh4 Re1+ 32.Kg2 R8e4 33.a5 Rxh4 34.Qc8+ Kh7 35.Qf5+ Kg8
36.a6 Rh6 37.a7 Re8 38.Qe4 Rg6+ 39.Kf1 Rge6 40.Qb7 Re1+ 41.Kg2 Ra1 42.Qb8  1-0

[Event "26th Staufer-Open A 2014"]
[Site "Schwaebisch Gmuend GER"]
[Date "2014.01.05"]
[Round "7.14"]
[White "Bock,J"]
[Black "Thomas,In"]
[Result "1/2-1/2"]
[WhiteElo "2273"]
[BlackElo "2161"]

1.Nf3 d5 2.g3 Nf6 3.Bg2 c6 4.O-O Bg4 5.d4 Nbd7 6.Nbd2 e6 7.Re1 Be7 8.e4 O-O
9.c3 Bh5 10.Qb3 Rb8 11.a4 a5 12.exd5 exd5 13.Ne5 Bd6 14.Ndf3 Bxf3 15.Bxf3 Qc7
16.Bf4 Rfe8 17.Nxd7 Nxd7 18.Bxd6 Rxe1+ 19.Rxe1 Qxd6 20.Kg2 Kf8 21.h4  1/2-1/2

[Event "2nd Gurgaon Open 2014"]
[Site "Gurgaon IND"]
[Date "2014.01.06"]
[Round "8.9"]
[White "Gagunashvili,M"]
[Black "Karthik,V4"]
[Result "1/2-1/2"]
[WhiteElo "2547"]
[BlackElo "2179"]

1.Nf3 d5 2.g3 e6 3.Bg2 c5 4.O-O Nc6 5.d4 Nf6 6.c4 Be7 7.cxd5 exd5 8.Nc3 O-O
9.dxc5 Bxc5 10.Bg5 Be6 11.Rc1 Bb6 12.b3 Re8 13.e3 Re7 14.Bxf6 gxf6 15.Na4 Rd7
16.Nc5 Bxc5 17.Rxc5 d4 18.Nxd4 Nxd4 19.exd4 Rxd4 20.Qh5 Bg4 21.Qh6 Rc8 22.Rxc8 Bxc8
23.Bf3 Bg4 24.Bxg4 Rxg4 25.Rc1 Rd4 26.Rc5 Rd1+ 27.Kg2 Rd5 28.Rc4 Rf5 29.Rc1 b6
30.h4 a5 31.Rc2 b5 32.Kh2 b4 33.Re2 Qf8 34.Qd2 Qc5 35.Re3 Kg7 36.Kg1 h5 37.Rd3 Qe5
38.Rd8 Qe4 39.Rd4 Qf3 40.Rd3 Qe4 41.Re3 Qd5 42.Qe2 Re5 43.Rxe5 Qxe5 44.Qd1 Qf5
45.Qd2 Qe4 46.Kh2 Qf3 47.Qc2 Qd5 48.Qe2 Qf5 49.Kg2 Qd5+ 50.Qf3 Qe5 51.g4 hxg4
52.Qxg4+  1/2-1/2